Test Your Numerical Aptitude (Record no. 343492)

MARC details
000 -LEADER
fixed length control field 00515nam a2200169Ia 4500
008 - FIXED-LENGTH DATA ELEMENTS--GENERAL INFORMATION
fixed length control field 230718s9999 xx 000 0 und d
020 ## - INTERNATIONAL STANDARD BOOK NUMBER
International Standard Book Number 9788130934150
041 ## - LANGUAGE CODE
Language code of text/sound track or separate title eng
082 ## - DEWEY DECIMAL CLASSIFICATION NUMBER
Classification number 155.2
Item number BAR
100 ## - MAIN ENTRY--PERSONAL NAME
Personal name Barrett J.
9 (RLIN) 108224
245 ## - TITLE STATEMENT
Title Test Your Numerical Aptitude
Remainder of title How To Access Your Numeracy Skills And Plan Your Career
260 ## - PUBLICATION, DISTRIBUTION, ETC. (IMPRINT)
Date of publication, distribution, etc. 2016
Name of publisher, distributor, etc. Source Book
300 ## - PHYSICAL DESCRIPTION
Extent 173
365 ## - TRADE PRICE
Currency code Rs.
Price amount 195.00
700 ## - ADDED ENTRY--PERSONAL NAME
Personal name Barrett J.
9 (RLIN) 108224
906 ## - LOCAL DATA ELEMENT F, LDF (RLIN)
d O:0360507-Oct-2016B:SE/SI/338203-Oct-2016
c GENRL
b 243.75
Holdings
Withdrawn status Lost status Damaged status Not for loan Home library Current library Date acquired Vendor Budget Code Cost, normal purchase price Bill number Total Checkouts Full call number Barcode Date last seen Discount Cost, replacement price Bill Date Koha item type Original Barcode
        Cummins College of Engineering for Women Pune Cummins College of Engineering for Women Pune 15/10/2016 Suyog Enterprises GENRL 146.25 SE/SI/3382   155.2 CCEP-BK-54699 18/07/2023 243.75 195.00 03/10/2016 Books 054699